| 000 | 01286nam a2200253Ia 4500 | ||
|---|---|---|---|
| 003 | Ost | ||
| 005 | 20260507075317.0 | ||
| 008 | 260507s9999||||xx |||||||||||||| ||und|| | ||
| 020 | _a9789957166458 | ||
| 040 | _cfsecg | ||
| 041 | _aara | ||
| 082 | _a341.754 | ||
| 100 |
_aالحطاب، إياد عصام _eمؤلف |
||
| 245 | 0 |
_aمكافحة الاغراق التجاري : _bالتدابير القانونية في القوانين و الاتفاقيات الدولية / _c إياد عصام الحطاب |
|
| 260 |
_aعمان: _bدار الثقافة للنشر والتوزيع, _c2011 |
||
| 300 |
_a279 صفحة؛ _bإيضاحات ؛ _c25 سم |
||
| 504 | _aببليوغرافيا: ص.263-279 | ||
| 520 | _aمفهوم الإغراق و أنواعه و شروط تحققه، الاجراءات و الشروط الواجب تطبيقها لمكافحة الإغراق في القانون الأردني و الاتفاقيات الدولية، الأحكام الكفيلة بمكافحة الإغراق في القانون الأردني و الاتفاقيات الدولية | ||
| 653 | _aالاتفاقيات الدولية | ||
| 653 | _aالإغراق- التجارة | ||
| 653 | _aالقانون | ||
| 653 | _aالقانون الدولي | ||
| 942 | _cكتاب | ||
| 999 |
_c43903 _d43903 |
||